00634nam a2200205 a 4500008004100000020002500041100002000066245011500086260003200201300001200233300003500245500002100280504004200301650001700343700002200360700001900382003000100401005001700402040000900419  a9781847870810 (pbk.)1 aJohnson, Julia.10aUnderstanding health and social care :ban introductory reader/cedited by Julia Johnson and Corinne De Souza. aLos Angels :b Sage,c2008. a2nd ed. axii, 280 p. :bill. ;c24 cm.  a Includes index. a Includes bibliographical references. 1aSocial care. aDe Souza Corinne. aJohnson, Julia20230120204114.0 cNUST